000 00679nam a2200289Ia 4500
005 20260324113633.0
008 008 260324s9999 xx 000 0 eng d
020 _a9781003347156
037 _aEBOOK
040 _aCRL
040 _beng
040 _cCRL
041 _2eng
041 _aeng
084 _qCRL
100 _aCarlos Tabbia
_91147576
245 4 _aThe Clinical Comprehension of Meaning
245 4 _bThe Bion/Meltzer Vertex
260 _bTaylor and Francis
260 _c2023
365 _a
365 _b195
856 _uhttp://www.taylorfrancis.com/books/9781003347156
942 _cEBOOK
999 _c1737327
_d1737327